ETHICAL PRACTICE IN BRAIN INJURY REHABILITATION (Record no. 15430)

MARC details
000 -LEADER
fixed length control field 00321nam a22001337a 4500
003 - CONTROL NUMBER IDENTIFIER
control field SGT
020 ## - INTERNATIONAL STANDARD BOOK NUMBER
International Standard Book Number 978-0-19-856899-5
082 ## - DEWEY DECIMAL CLASSIFICATION NUMBER
Classification number 612.826
Item number E07M
100 ## - MAIN ENTRY--PERSONAL NAME
Personal name MCGRATH, JOANNA C.
245 ## - TITLE STATEMENT
Title ETHICAL PRACTICE IN BRAIN INJURY REHABILITATION
260 ## - PUBLICATION, DISTRIBUTION, ETC. (IMPRINT)
Place of publication, distribution, etc NEW YORK
Name of publisher, distributor, etc OXFORD
Year of Publication 2007
300 ## - PAGE DESCRIPTION
No. of Pages 182
942 ## - ADDED ENTRY ELEMENTS (KOHA)
Source of classification or shelving scheme Dewey Decimal Classification
Koha item type Books
Holdings
Withdrawn status Lost status Source of classification or shelving scheme Damaged status Not for loan Collection code Home library Current library Shelving location Date acquired Vendor Name SGTU Total Checkouts Full call number Accession No. (Barcode) Date last seen Bill Date Koha item type
    Dewey Decimal Classification   Not For Loan MEDICAL SGT Medical Library SGT Medical Library Reference Book 06/04/2018 ABC SGTU   612.826 E07M FM10560 21/09/2018 26/03/2018 Books